Cineuropa 80 90 ; [realizzazione del catalogo a cura di Walter Alberti] : 4 maggio-19 giugno 1988.

সংরক্ষণ করুন:
গ্রন্থ-পঞ্জীর বিবরন
অন্যান্য লেখক: Alberti, Walter (সম্পাদক)
বিন্যাস: গ্রন্থ
ভাষা:ইতালিয়
প্রকাশিত: [S.l. : s.n., 1988]
ট্যাগগুলো: ট্যাগ যুক্ত করুন
কোনো ট্যাগ নেই, প্রথমজন হিসাবে ট্যাগ করুন!

MARC

LEADER 00000nam a22000007i 4500
001 IT\ICCU\UBO\2213108
003 ItRI
005 20260115232215.0
008 090713s1988 it |||||| ||||| |||||c
040 |b ita  |c importazione bologna sebina 
041 7 |a ita  |2 ISO-639-2 
245 0 0 |a Cineuropa 80 90 ; [realizzazione del catalogo a cura di Walter Alberti] :  |b 4 maggio-19 giugno 1988. 
260 |a [S.l. :  |b s.n.,  |c 1988] 
300 |a 48 p. :  |b ill. ;  |c 22x24 cm 
500 |a In testa al front.: Comune di Milano Settore Cultura e Spettacolo 
500 |a Catalogo della rassegna omonima, Milano. 
700 1 |a Alberti, Walter  |0 IT\ICCU\VEAV\013207  |4 edt 
942 |2 ddc  |c BK  |n 0 
952 |0 0  |1 0  |4 0  |6 DOC_791_430000000000000_CIN  |7 0  |9 21967  |a BO  |b BO  |d 2026-01-15  |i 1441  |l 0  |o DOC 791.430 CIN  |p BO1441  |r 2026-01-15 23:22:15  |w 2026-01-15  |x [Sebina 7] [1 v.]  |y BK  |z 1 v. 
999 |c 18785  |d 18785